<?xml version="1.0" encoding="UTF-8"?>
<marc:record xmlns:marc="http://www.loc.gov/MARC21/slim">
   <marc:leader>00000nam a2200000 a 4500</marc:leader>
   <marc:datafield ind1="1" ind2=" " tag="100">
      <marc:subfield code="a">Sutter, Matthias</marc:subfield>
      <marc:subfield code="4">aut</marc:subfield>
      <marc:subfield code="e">Verfasser/-in</marc:subfield>
   </marc:datafield>
   <marc:datafield ind1=" " ind2=" " tag="653">
      <marc:subfield code="a">Kind</marc:subfield>
   </marc:datafield>
   <marc:datafield ind1=" " ind2=" " tag="653">
      <marc:subfield code="a">Erziehung</marc:subfield>
   </marc:datafield>
   <marc:datafield ind1=" " ind2=" " tag="653">
      <marc:subfield code="a">Pädagogik</marc:subfield>
   </marc:datafield>
   <marc:datafield ind1=" " ind2=" " tag="653">
      <marc:subfield code="a">Ratgeber</marc:subfield>
   </marc:datafield>
   <marc:datafield ind1=" " ind2=" " tag="653">
      <marc:subfield code="a">Lebenskunst</marc:subfield>
   </marc:datafield>
   <marc:datafield ind1=" " ind2=" " tag="653">
      <marc:subfield code="a">Lebensführung</marc:subfield>
   </marc:datafield>
   <marc:datafield ind1=" " ind2=" " tag="653">
      <marc:subfield code="a">Talent</marc:subfield>
   </marc:datafield>
   <marc:datafield ind1=" " ind2=" " tag="653">
      <marc:subfield code="a">Begabung</marc:subfield>
   </marc:datafield>
   <marc:datafield ind1=" " ind2=" " tag="653">
      <marc:subfield code="a">Geduld</marc:subfield>
   </marc:datafield>
   <marc:datafield ind1="0" ind2="0" tag="245">
      <marc:subfield code="a">Die Entdeckung der Geduld, Ausdauer schlägt Talent</marc:subfield>
   </marc:datafield>
   <marc:datafield ind1=" " ind2="1" tag="264">
      <marc:subfield code="b">Ecowin-Verl.</marc:subfield>
      <marc:subfield code="c">2014</marc:subfield>
   </marc:datafield>
   <marc:datafield ind1="1" ind2=" " tag="520">
      <marc:subfield code="a">Erfolg hat, wer geduldig ist 
 Geduld ist eine Tugend, wenn auch eine scheinbar altmodische. Wer möchte heutzutage noch lange mit ungestillten Sehnsüchten und unerfüllten Wünschen leben? 
 Matthias Sutter, einer der führenden Wirtschaftsforscher im deutschsprachigen Raum, verhilft der vernachlässigten Qualität Geduld zu einem fulminanten Comeback. Seine eindrucksvollen und wissenschaftlich etablierten Studien führen zur überraschenden Erkenntnis: Geduld ist gleich viel wert wie Talent!? 
 Anhand erstaunlicher Forschungsergebnisse zeigt Sutter, was wir mit mehr Beharrlichkeit im Leben alles erreichen können, welche Faktoren unsere Ausdauerfähigkeit entscheidend beeinflussen und wie wir unsere eigene Ungeduld und die unserer Kinder erfolgreich bändigen können. Denn eines steht fest: Wer sich heute noch in Geduld übt, wird schon morgen davon profitieren. 

 </marc:subfield>
   </marc:datafield>
   <marc:datafield ind1=" " ind2=" " tag="020">
      <marc:subfield code="a">9783711000545</marc:subfield>
      <marc:subfield code="9">9783711000545</marc:subfield>
   </marc:datafield>
</marc:record>
